000 00583nam a2200193Ia 4500
005 20250326144839.0
008 250326s9999 xx 000 0 und d
020 _a0-7494-4404-5
037 _aTextbook
040 _aFMSL
_beng
_cFMSL
041 _aeng
_2eng
084 _aX:8 P4
_qFMSL
100 _aCook Sarah
245 0 _aChange management excellence : using the four intelligences for succesful organizational change
_cCook Sarah And Others
260 _aLondon
_bLondon, Kogan
_c2004
300 _aviii,230
942 _cTB
_hX:8 P4
999 _c1305294
_d1305294